Elementos de maquinaria agrícola /
Guardado en:
| Autor Corporativo: | |
|---|---|
| Otros Autores: | , |
| Formato: | Libro |
| Idioma: | Spanish |
| Publicado: |
Roma :
FAO,
1977.
|
| Series: | Boletín de servicios agrícolas de la FAO ;
12 Suplemento, 1 y 2 |
| Etiquetas: |
Agregar Etiqueta
Sin Etiquetas, Sea el primero en etiquetar este registro!
|
| LEADER | 00798nam a22002055a 4500 | ||
|---|---|---|---|
| 001 | EEA.libagro009243 | ||
| 005 | 20190619131337.0 | ||
| 008 | 041125s1977####it#a##########000#0#spa#d | ||
| 020 | |a 9253004002 (1) | ||
| 020 | |a 9253004010 (2) | ||
| 082 | 0 | 4 | |a 631.3 |
| 245 | 1 | 0 | |a Elementos de maquinaria agrícola / |c Robert H. Wilkinson, Oscar A. Braunbeck. |
| 260 | |a Roma : |b FAO, |c 1977. | ||
| 300 | |a 2 v. : |b il. ; |c 28 cm.. | ||
| 490 | 0 | |a Boletín de servicios agrícolas de la FAO ; |v 12 Suplemento, 1 y 2 | |
| 700 | 1 | |a Wilkinson, Roberto H. | |
| 700 | 1 | |a Braunbeck, Oscar A. | |
| 710 | 2 | |a Organización de las Naciones Unidas para la Agricultura y la Alimentación. | |
| 859 | |a AR-BbBCA |b BIB. AGRONOMIA |h 631.3 |i W687 |p 1982/0077 |v Vol. 1 |3 Vol. 1 | ||
| 859 | |a AR-BbBCA |b BIB. AGRONOMIA |h 631.3 |i W687 |p 1982/0078 |v 2 |3 Vol. 2 | ||
